ბათუმის შოთა რუსთაველის სახელმწიფო უნივერსიტეტის ბიბლიოთეკა

ბიზანტიური ბერძნულის ფონეტიკის საკითხები. ტ.2 / (ბიბ.ჩანაწერი № 51148)

000 -ლიდერი
ფიქსირებული სიგრძის საკონტროლო ველი 01334nam a2200241Ia 4500
001 - საკონტროლო ნომერი
საკონტროლო ველი 18106
003 - საკონტროლო ნომრის იდენტიფიკატორი
საკონტროლო ველი GE_BSU
005 - ბოლო ოპერაციის თარიღი და დრო
საკონტროლო ველი 20251029142209.0
008 - ფიქსირებული სიგრძის მონაცემთა ელემენტები - ზოგადი ინფორმაცია
ფიქსირებული სიგრძის საკონტროლო ველი 181216s2003||||ge |||||||||||||| ||geo||
020 ## - წიგნის საერთაშორისო სტანდარტული ნომერი
International Standard Book Number 999407623X
040 ## - კატალოგიზაციის წყარო
Transcribing agency GE_BSU
041 ## - ენის კოდი
Language code of text/sound track or separate title geo
080 ## - უნივერსალური ათობითი კლასიფიკაციის ინდექსი
Universal Decimal Classification number 811.14'04'342 მ-43
100 ## - მთავარი ჩანაწერი - პიროვნების სახელი
Personal name მახარაძე, ნელი
9 (RLIN) 10460
245 ## - ცნობა სათაურის შესახებ
Title ბიზანტიური ბერძნულის ფონეტიკის საკითხები. ტ.2 /
Statement of responsibility, etc ნელი მახარაძე; საქ. მეცნ. აკად., აღმოსავლეთმცოდნ. ინ-ტი, თსუ, კლასიკ. ფილოლ., ბიზანტინისტიკისა და ნეოგრეცისტიკის ინ-ტი; [რედ. თინათინ ცქიტიშვილი]
264 ## - წარმოების, გამოცემის, დისტრიბუციის და სხვა ცნობები
გამოცემის, წარმოების, დისტრიბუციის... ადგილი თბილისი :
გამოცემის, წარმოების, დისტრიბუციის... სახელწოდება ლოგოსი,
გამოცემის, წარმოების, დისტრიბუციის... თარიღი 2003.
300 ## - ფიზიკური აღწერა
Extent 81 გვ.;
Other physical details 21 სმ.
504 ## - BIBLIOGRAPHY, ETC. NOTE
Bibliography, etc ბიბლიოგრაფია ტექსტის შენიშვნებში
653 ## - INDEX TERM--UNCONTROLLED
Uncontrolled term ბიზანტიური ბერძნული ენის ფონეტიკა.
700 ## - ADDED ENTRY--PERSONAL NAME
Personal name ცქიტიშვილი, თინათინ
Relator term რედაქტორი
9 (RLIN) 26127
942 ## - ADDED ENTRY ELEMENTS (KOHA)
Koha item type წიგნი
Source of classification or shelving scheme
ეგზემპლარები
ჩამოწერის სტატუსი დაკარგული ეგზემპლარის სტატუსი კლასიფიკაციის წყარო ან თაროზე გაწყობის სქემა დაზიანების სტატუსი არ გაიცემა მუდმივი მდებარეობა (დაცვის ადგილი) ამჟამინდელი ადგილსამყოფელი თაროზე განთავსების ადგილი შეძენის თარიღი ღირებულება, შესყიდვის ნორმალური ფასი სრული შენახვის შიფრი შტრიხკოდი ბოლო ოპერაციის თარიღი ეგზემპლარის მიმდევრობითი ნომერი (კეტერი?) ფასის ძალაში შესვლის თარიღი ეგზემპლარის სახეობა საჯარო შენიშვნა
          ბათუმის შოთა რუსთაველის სახელმწიფო უნივერსიტეტის მთავარი ბიბლიოთეკა ბათუმის შოთა რუსთაველის სახელმწიფო უნივერსიტეტის მთავარი ბიბლიოთეკა წიგნსაცავი 2018-12-17 2.00 811.14'04'342 მ-43 46155 2018-12-17 46155 2018-12-17 წიგნი 2 ლ.